000 00281nam a22001217a 4500
008 170228b xxu||||| |||| 00| 0 eng d
041 _aeng
080 _a61
100 _a3
101 _aSHM
245 _aTHE CIBA COLLECTION OF MEDICAL ILLUSTRATIONS
_cNETTER, F.H
942 _2udc
_cBK
999 _c6382
_d6382